| 000 | 01884nam a22003137a 4500 | ||
|---|---|---|---|
| 999 |
_c22012 _d22012 |
||
| 003 | AR-CdUCM | ||
| 008 | 190425b ||||| |||| 00| 0 spa d | ||
| 040 |
_aMUNICIPALIDAD PROVINCIAL DEL CUSCO _cBIBLIOTECA MUNICIPAL DEL CUSCO |
||
| 082 | _aLavozMercedaria/N°2/1972 | ||
| 110 |
_aColegio de Las Mercedes _947149 |
||
| 245 |
_aLa voz mercedaria / _cColegio de Las Mercedes |
||
| 260 |
_aCusco. _bLos Andes, _c1972. |
||
| 300 |
_a301 páginas. : _bilustraciones ; _c24 cm. |
||
| 440 |
_aLa voz mercedaria. _nN°2, 1972 _947150 |
||
| 500 | _aEdición extraordinaria de la década de 1961-1971. | ||
| 505 | _aContenido: Biografía de José Uriel García. Neptali Acurio Echegaray. -- Doña Trinidad Enríquez gran educadora cusqueña. Alcides Estrada. -- El comportamiento del adolescente no comprendido los problemas educativos del ande. Mario Alberto Gilt Contreras. -- Prioridad de la evangelización Isaías Vargas Bueno ilustre maestro. Alejandro Otazu Abrill. -- Equilibrio ecológico. Julia Carrillo de Cano. -- Gloria del Cuzco eterno. Del colombiano Jorge Isaes al cusqueño Abraham Vizcarra Echave. Alberto Yépez Miranda. -- Santa Cecilia patrona universal del músico referencia sintética del himno nacional del Perú. Eleodoro Justiniani. -- Historia del colegio de Las Mercedes. Luis Humberto Galimberti Miranda. -- Valor de la vivencia en la enseñanza del Perú. Armando Harvey Valencia.... | ||
| 650 |
_aInstituciones educativas _934491 |
||
| 650 |
_aColegios del Cusco _924467 |
||
| 650 |
_aColegio Las Mercedes _943773 |
||
| 650 |
_aHistoria del Cusco _91714 |
||
| 650 |
_aPoesía cusqueña _92323 |
||
| 650 |
_aIntelectuales cusqueños _946142 |
||
| 700 |
_aPérez Ocampo, Gustavo _947147 |
||
| 700 |
_aCosio, José Gabriel _911720 |
||
| 700 |
_aGarcía, José Uriel _93684 |
||
| 700 |
_aYépez Miranda, Alfredo _94230 |
||
| 942 |
_2ddc _cPP |
||
| 945 | _arac | ||